Govt. of
Madhya Pradesh

R.N. KAO Gentleman Spymaster (Record no. 62459)

MARC details
000 -LEADER
fixed length control field 00369nam a22001457a 4500
003 - CONTROL NUMBER IDENTIFIER
control field MACL
005 - DATE AND TIME OF LATEST TRANSACTION
control field 20200320155949.0
008 - FIXED-LENGTH DATA ELEMENTS--GENERAL INFORMATION
fixed length control field 200320b xxu||||| |||| 00| 0 eng d
040 ## - CATALOGING SOURCE
Transcribing agency MACL
100 ## - MAIN ENTRY--PERSONAL NAME
Personal name Gokhale,Nitin A.
9 (RLIN) 17480
245 ## - TITLE STATEMENT
Title R.N. KAO Gentleman Spymaster
260 ## - PUBLICATION, DISTRIBUTION, ETC. (IMPRINT)
Place of publication, distribution, etc. New Delhi
Name of publisher, distributor, etc. Bloomsbury Pub,
Date of publication, distribution, etc. 2019
650 ## - SUBJECT ADDED ENTRY--TOPICAL TERM
Topical term or geographic name as entry element Motivational
9 (RLIN) 17686
942 ## - ADDED ENTRY ELEMENTS (KOHA)
Source of classification or shelving scheme
Koha item type Books
Holdings
Withdrawn status Lost status Source of classification or shelving scheme Damaged status Not for loan Home library Current library Date acquired Cost, normal purchase price Total Checkouts Full call number Barcode Date last seen Price effective from Koha item type Total Renewals Date last checked out
          MACL MACL 20/03/2020 599.00   080 GCLC00616 20/03/2020 20/03/2020 Books    
          MACL MACL 20/03/2020 599.00 3 080 GCLC00615 11/04/2026 20/03/2020 Books 1 26/03/2026